The computer privacy handbook / (Record no. 175279)

000 -LEADER
fixed length control field 00867 a2200253 4500
003 - CONTROL NUMBER IDENTIFIER
control field Nust
005 - DATE AND TIME OF LATEST TRANSACTION
control field 20221019132317.0
010 ## - LIBRARY OF CONGRESS CONTROL NUMBER
LC control number 96157110
020 ## - INTERNATIONAL STANDARD BOOK NUMBER
International Standard Book Number 1566091713 (pbk.) :
035 ## - SYSTEM CONTROL NUMBER
System control number (OCoLC)32295410
040 ## - CATALOGING SOURCE
Transcribing agency Nust
082 00 - DEWEY DECIMAL CLASSIFICATION NUMBER
Classification number 005.8,BAC
100 1# - MAIN ENTRY--PERSONAL NAME
Personal name Bacard, Andr⥮
9 (RLIN) 100804
245 14 - TITLE STATEMENT
Title The computer privacy handbook /
Statement of responsibility, etc. Andre Bacard
260 ## - PUBLICATION, DISTRIBUTION, ETC.
Place of publication, distribution, etc. Berkeley, CA :
Name of publisher, distributor, etc. Peachpit Press,
Date of publication, distribution, etc. c1995.
300 ## - PHYSICAL DESCRIPTION
Extent xii, 274 p. ;
Dimensions 24 cm.
505 ## - FORMATTED CONTENTS NOTE
Formatted contents note Guarding Our Privacy In The Information Age (Page-3), Cryptology (Page-69), PGP (Page-125), Using PGP On The PC (Page-151).
650 #0 - SUBJECT ADDED ENTRY--TOPICAL TERM
Topical term or geographic name entry element Computer networks
General subdivision Security measures.
9 (RLIN) 466
650 #0 - SUBJECT ADDED ENTRY--TOPICAL TERM
Topical term or geographic name entry element Computer security.
9 (RLIN) 570
650 #0 - SUBJECT ADDED ENTRY--TOPICAL TERM
Topical term or geographic name entry element Data encryption (Computer science)
9 (RLIN) 29166
650 #0 - SUBJECT ADDED ENTRY--TOPICAL TERM
Topical term or geographic name entry element Data protection.
9 (RLIN) 6081
650 #0 - SUBJECT ADDED ENTRY--TOPICAL TERM
Topical term or geographic name entry element Internet
General subdivision Security measures.
9 (RLIN) 16792
942 ## - ADDED ENTRY ELEMENTS (KOHA)
Koha item type Reference
Source of classification or shelving scheme
Call number prefix 005.8,BAC
Holdings
Withdrawn status Lost status Source of classification or shelving scheme Damaged status Not for loan Permanent Location Current Location Shelving location Date acquired Full call number Barcode Date last seen Price effective from Koha item type Public note
          Military College of Signals (MCS) Military College of Signals (MCS) General Stacks 12/12/2016 005.8,BAC MCS27119 12/08/2016 12/12/2016 Book Almirah No.8, Shelf No.5
© 2023 Central Library, National University of Sciences and Technology. All Rights Reserved.